000 00339nam a2200145Ia 4500
005 20250316141034.0
008 240331s9999 xx 000 0 und d
082 _bKUM
_a894
100 _aKumar, M.C
245 0 _aMadum veedum
260 _aHatton
_bChristian Workers Fellowship
_c1995
300 _a72 p .,
650 _apoems
942 _cL
999 _c4027
_d4027